<?xml version='1.0' encoding='UTF-8'?>
  <record xmlns="http://www.loc.gov/MARC21/slim">
    <leader>00000cam a22000007i 4500</leader>
    <controlfield tag="001">ocm64340226</controlfield>
    <controlfield tag="003">OCoLC</controlfield>
    <controlfield tag="005">20250306150450.6</controlfield>
    <controlfield tag="008">861212s1873    ne            000 0 dut d</controlfield>
    <datafield tag="040" ind1=" " ind2=" ">
      <subfield code="a">NLGGC</subfield>
      <subfield code="b">dut</subfield>
      <subfield code="e">fobidrtb</subfield>
      <subfield code="c">NLGGC</subfield>
      <subfield code="d">OCLCO</subfield>
      <subfield code="d">OCLCL</subfield>
      <subfield code="d">OCLCQ</subfield>
    </datafield>
    <datafield tag="029" ind1="0" ind2=" ">
      <subfield code="a">NLGGC</subfield>
      <subfield code="b">865779627</subfield>
    </datafield>
    <datafield tag="035" ind1=" " ind2=" ">
      <subfield code="a">(OCoLC)64340226</subfield>
    </datafield>
    <datafield tag="100" ind1="1" ind2=" ">
      <subfield code="a">Gille Heringa, S.</subfield>
      <subfield code="q">(Salomo),</subfield>
      <subfield code="d">1816-1895.</subfield>
      <subfield code="1">https://id.oclc.org/worldcat/entity/E39PCjrfF7fD9Jhcx8JWvVtBj3</subfield>
    </datafield>
    <datafield tag="245" ind1="1" ind2="0">
      <subfield code="a">Aardrijkskundig handwoordenboek van Nederland, of alphabetische opgave van de gemeenten, steden, vlekken, dorpen, gehuchten, buurten, voorname huizen of buitenplaatsen, bewoonde en onbewoonde polders, enz., met de vermelding in welke provincie, rechterlijk arrondissement of kanton, en in welk hoofdkiesdistrict voor de benoeming der leden van de Staten-Generaal of Provinciale Staten zij gelegen zijn; alsmede vermelding der afstanden van alle steden onderling, van alle dorpen tot de nabijliggende steden en van de gehuchten tot de middelpunten der gemeenten waartoe zij behooren; verder van vele plaatsen de volksbenaming en die van de Koninklijke Academie van Wetenschappen, alsmede de namen van plaatsen buitenlands gelijkluidende aan die van plaatsen binnenlands /</subfield>
      <subfield code="c">door S. Gille Heringa.</subfield>
    </datafield>
    <datafield tag="250" ind1=" " ind2=" ">
      <subfield code="a">3e dr.</subfield>
    </datafield>
    <datafield tag="260" ind1=" " ind2=" ">
      <subfield code="a">Rotterdam :</subfield>
      <subfield code="b">Bolle,</subfield>
      <subfield code="c">1873.</subfield>
    </datafield>
    <datafield tag="300" ind1=" " ind2=" ">
      <subfield code="a">XVI, 289, 72 p. :</subfield>
      <subfield code="b">tab. ;</subfield>
      <subfield code="c">21 cm.</subfield>
    </datafield>
    <datafield tag="336" ind1=" " ind2=" ">
      <subfield code="a">tekst</subfield>
      <subfield code="b">txt</subfield>
      <subfield code="2">rdacontent/dut</subfield>
    </datafield>
    <datafield tag="337" ind1=" " ind2=" ">
      <subfield code="a">zonder medium</subfield>
      <subfield code="b">n</subfield>
      <subfield code="2">rdamedia/dut</subfield>
    </datafield>
    <datafield tag="338" ind1=" " ind2=" ">
      <subfield code="a">band</subfield>
      <subfield code="b">nc</subfield>
      <subfield code="2">rdacarrier/dut</subfield>
    </datafield>
    <datafield tag="500" ind1=" " ind2=" ">
      <subfield code="a">1e dr.: 1853.</subfield>
    </datafield>
    <datafield tag="530" ind1=" " ind2=" ">
      <subfield code="a">Ook beschikbaar in microvorm.</subfield>
    </datafield>
    <datafield tag="758" ind1=" " ind2=" ">
      <subfield code="a">Aardrijkskundig handwoordenboek van Nederland, of alphabetische opgave van de gemeenten, steden, vlekken, dorpen, gehuchten, buurten, voorname huizen of buitenplaatsen, bewoonde en onbewoonde polders, enz., met de vermelding in welke provincie, rechterlijk arrondissement of kanton, en in welk hoofdkiesdistrict voor de benoeming der leden van de Staten-Generaal of Provinciale Staten zij gelegen zijn ; alsmede vermelding der afstanden van alle steden onderling, van alle dorpen tot de nabijliggende steden en van de gehuchten tot de middelpunten der gemeenten waartoe zij behooren ; verder van vele plaatsen de volksbenaming en die van de Koninklijke Academie van Wetenschappen, alsmede de namen van plaatsen buitenlands gelijkluidende aan die van plaatsen binnenlands (Text)</subfield>
      <subfield code="1">https://id.oclc.org/worldcat/entity/E39PD3WvwFbt7H83Q8rXMdqTQC</subfield>
      <subfield code="4">https://id.oclc.org/worldcat/ontology/hasWork</subfield>
    </datafield>
    <datafield tag="936" ind1=" " ind2=" ">
      <subfield code="a">BATCHLOAD</subfield>
    </datafield>
  </record>